|
|
|
|
| LEADER |
00683nam a2200193Ia 4500 |
| 001 |
CTU_28690 |
| 008 |
210402s9999 xx 000 0 und d |
| 020 |
|
|
|b 12.200đ
|
| 082 |
|
|
|a 515
|
| 082 |
|
|
|b Kh507
|
| 100 |
|
|
|a Nguyễn Văn Khuê
|
| 245 |
|
0 |
|a Phép tính vi phân và tích phân trong Rn (Bồi dưỡng thường xuyên giáo viên PTTH)
|
| 245 |
|
0 |
|c Nguyễn Văn Khuê, Bùi Đắc Tắc
|
| 260 |
|
|
|a Hà Nội
|
| 260 |
|
|
|b Giáo Dục
|
| 260 |
|
|
|c 1996
|
| 650 |
|
|
|a calculus, differential,calculus, integral,functions,mathematical analysis
|
| 904 |
|
|
|i Minh, 990301
|
| 980 |
|
|
|a Trung tâm Học liệu Trường Đại học Cần Thơ
|